आनन्द मठ / (Record no. 116941)

MARC details
000 -LEADER
fixed length control field 01027nam a22002777a 4500
003 - CONTROL NUMBER IDENTIFIER
control field dpl
005 - DATE AND TIME OF LATEST TRANSACTION
control field 20190218164138.0
008 - FIXED-LENGTH DATA ELEMENTS--GENERAL INFORMATION
fixed length control field 190218b ||||| |||| 00| 0 eng d
010 ## - LIBRARY OF CONGRESS CONTROL NUMBER
LC control number B-040317
020 ## - INTERNATIONAL STANDARD BOOK NUMBER
Terms of availability 80.00
International Standard Book Number 8187809027
035 ## - SYSTEM CONTROL NUMBER
System control number B-040317, B-040335
037 ## - SOURCE OF ACQUISITION
Source of stock number/acquisition Cen Lib/Ret
040 ## - CATALOGING SOURCE
Original cataloging agency DPL
Language of cataloging HN
Transcribing agency 0
082 ## - DEWEY DECIMAL CLASSIFICATION NUMBER
Classification number
Item number बंकिम
100 ## - MAIN ENTRY--PERSONAL NAME
Personal name बंकिमचन्द्र
9 (RLIN) 45600
245 ## - TITLE STATEMENT
Title आनन्द मठ /
Statement of responsibility, etc बंकिमचन्द्र
246 ## - VARYING FORM OF TITLE
Title proper/short title Anand math /
Remainder of title by Bankimchandra
260 ## - PUBLICATION, DISTRIBUTION, ETC. (IMPRINT)
Place of publication, distribution, etc नई दिल्ली
Name of publisher, distributor, etc नवचिंतन प्रकाशन
Date of publication, distribution, etc 2000
270 ## - ADDRESS
Address F-6/1, शाहपुरजट
City नई दिल्ली
Postal code 110049
300 ## - PHYSICAL DESCRIPTION
Extent 96पृ.
Dimensions 20सेमी(सजिल्द)
650 ## - SUBJECT ADDED ENTRY--TOPICAL TERM
Topical term or geographic name as entry element हिन्दी साहित्य
9 (RLIN) 69142
650 ## - SUBJECT ADDED ENTRY--TOPICAL TERM
Topical term or geographic name as entry element हिन्दी -- उपन्यास
9 (RLIN) 69143
650 ## - SUBJECT ADDED ENTRY--TOPICAL TERM
Topical term or geographic name as entry element Hindi literature
9 (RLIN) 69144
650 ## - SUBJECT ADDED ENTRY--TOPICAL TERM
Topical term or geographic name as entry element Hindi -- Fiction
9 (RLIN) 27248
942 ## - ADDED ENTRY ELEMENTS (KOHA)
Source of classification or shelving scheme Dewey Decimal Classification
Koha item type Hindi Books
Classification part
Call number suffix बंकिम
Holdings
Withdrawn status Lost status Damaged status Not for loan Home library Current library Date acquired Source of acquisition Cost, normal purchase price Total Checkouts Full call number Barcode Date last seen Copy number Cost, replacement price Price effective from Koha item type Public note Source of classification or shelving scheme Collection code Date checked out
Written off       Central Library Central Library 26/08/2015 Cen Lib/Ret 80.00   उ बंकिम B-040317 26/08/2015 1 80.00 26/08/2015 Hindi Books Written off on approval by DLB (By Circulation); dtd 15-06-2023      
        Sarojini Nagar Sarojini Nagar 16/10/2021     1 उ बंकिम B-040343 21/08/2023   80.00 16/10/2021 Hindi Books   Dewey Decimal Classification Fiction 07/08/2023
        Shahdara Branch Shahdara Branch 18/02/2019 BPPD/PUB 80.00   उ बंकिम B-040335 18/02/2019   80.00 18/02/2019 Hindi Books   Dewey Decimal Classification Fiction  

© Delhi Public Library
Hit Counter
free hit counter